Catalog

Record Details

Catalog Search



Okultizmus : hra s ohněm Cover Image Book Book

Okultizmus : hra s ohněm redakce Luděk Svrček a Dušan Kučera ; překlad Karel Špinar

Svrček, Luděk (Author). Advent (Author). Kučera, Dušan (Added Author).

Record details

  • ISBN: 80-7172-002-X
  • Physical Description: 118 s.
  • Edition: 1. vyd.
  • Publisher: Praha Advent 1993

Available copies

  • 1 of 1 copy available at Common Catalog SPOK.

Holds

  • 0 current holds with 1 total copy.
Show Only Available Copies
Location Call Number / Copy Notes Barcode Shelving Location Status Due Date
ETS Library 261.513 424470002932 Volný výběr Available -

LDR 00729nam a2 00277
00140576
003CZ-PrJAB
00520030515000000.0
008030515s1993 xr e |||| |cze
009cz
020 . ‡a80-7172-002-X
035 . ‡a(CONS)6712
035 . ‡aKPS4433
041 . ‡acze
08214. ‡a261.513
100 . ‡75597 ‡aSvrček, Luděk
110 . ‡aAdvent
245 . ‡aOkultizmus : ‡bhra s ohněm ‡credakce Luděk Svrček a Dušan Kučera ; překlad Karel Špinar
250 . ‡a1. vyd.
260 . ‡aPraha ‡bAdvent ‡c1993
300 . ‡a118 s.
490 . ‡aOrion
653 . ‡aOkultizmus
700 . ‡75598 ‡aKučera, Dušan
8524 . ‡bETS ‡bETS ‡cVolný výběr ‡j261.513 ‡gA ‡p424470002932
910 . ‡aABG450
999 . ‡a6712 ‡bAUTOGEN ‡c6712 ‡tbiblio
905 . ‡uadmin
901 . ‡a40576 ‡b ‡c40576 ‡tbiblio ‡sets

Additional Resources